000 01455cam a2200337 a 4500
005 20260322212028.0
008 data
010 _a 2006048536
020 _a9781416503958
020 _a1416503951
040 _aDLC
_cDLC
_dDLC
043 _ae-uk-en
050 0 0 _aPR6105.V347
_bG65 2006
082 0 0 _a823/.92
_222
099 _aEVANSH
100 1 _aEvans, Harriet,
_d1974-
245 1 0 _aGoing home /
_cHarriet Evans.
250 _a1st Downtown Press trade pbk. ed.
260 _aNew York :
_bDowntown Books,
_c2006.
300 _ax, 437 p. ;
_c21 cm.
650 0 _aInheritance and succession
_vFiction.
651 0 _aEngland
_vFiction.
655 0 _aDomestic fiction.
856 4 2 _3Publisher description
_uhttp://www.loc.gov/catdir/enhancements/fy0665/2006048536-d.html
856 4 1 _3Sample text
_uhttp://www.loc.gov/catdir/enhancements/fy0668/2006048536-s.html
856 4 2 _3Contributor biographical information
_uhttp://www.loc.gov/catdir/enhancements/fy0910/2006048536-b.html
906 _a7
_bcbc
_corignew
_d1
_eocip
_f20
_gy-gencatlg
925 0 _aacquire
_b2 shelf copies
_xpolicy default
955 _elk53 2006-07-18 to Dewey
_flg13 2007-04-02 to SL;
_glg13 2007-04-02 to BCCD
001 data
999 _c637
_d637